Les Enfoirés 2020 : Toutes les chansons - Statistiques

Statistiques générales
  • Ce quiz a été pris 42 fois
  • Le résultat moyen est 19 sur 25
Statistiques - réponses
Hint Réponse % Correct
1) Le temps des cathédrales
100%
2) Quand la musique est bonne
100%
5) Tout oublier
100%
6) Déjeuner en paix
93%
24) A côté de toi
86%
15) Mourir sur scène
86%
10) Tout va bien (intro)
86%
11) Un jour au mauvais endroit
86%
7) Vivre pour le meilleur
86%
3) Your song
86%
18) Allez reste
79%
14) Combien de murs
79%
23) Famille
79%
4) Je te le donne
79%
25) La chanson des Restos
79%
13) La grenade
79%
9) Juste une illusion
71%
19) Plus tard
71%
8) Riche
71%
17) Visiteur et voyageur
71%
20) A nos héros du quotidien (intro)
64%
12) Le rire du sergent (intro)
64%
21) Les gens qu'on aime
64%
16) Coaching des Enfoirés (medley)
21%
22) Présentation des musiciens
21%
Aucun quiz correspondant
Distribution des résultats
% des personnes avec chaque résultat
Percentile par nombre de réponses
Votre historique - résultats
Vous n’avez pas pris ce quiz